Loading...
| Beliefs | 4 | 12.50 | 100% | 25% | 0% |
| Fine Arts - Classical Music and Opera | 4 | 7.50 | 75% | 0% | 0% |
| Fine Arts - Other Arts | 5 | 12.00 | 100% | 20% | 0% |
| History - American | 4 | 15.00 | 75% | 75% | 0% |
| History - Ancient | 4 | 12.50 | 75% | 50% | 0% |
| History - European | 1 | 10.00 | 100% | 0% | 0% |
| History - World | 4 | 10.00 | 75% | 25% | 0% |
| Literature - American | 3 | 20.00 | 100% | 67% | 33% |
| Literature - British | 5 | 10.00 | 80% | 20% | 0% |
| Literature - European | 5 | 14.00 | 80% | 40% | 20% |
| Literature - World | 3 | 6.67 | 33% | 33% | 0% |
| Modern World | 2 | 5.00 | 50% | 0% | 0% |
| Other Academic | 1 | 10.00 | 100% | 0% | 0% |
| Philosophy | 3 | 0.00 | 0% | 0% | 0% |
| Science - Biology | 3 | 3.33 | 33% | 0% | 0% |
| Science - Chemistry | 5 | 8.00 | 80% | 0% | 0% |
| Science - Other | 3 | 13.33 | 100% | 33% | 0% |
| Science - Physics | 1 | 0.00 | 0% | 0% | 0% |
| Social Science | 2 | 5.00 | 50% | 0% | 0% |
| Visual Arts | 1 | 20.00 | 100% | 100% | 0% |